| 000 | 01317cam a2200337 4500 | ||
|---|---|---|---|
| 001 | 4567778 | ||
| 003 | EG-ScBUE | ||
| 005 | 20220324145458.0 | ||
| 008 | 711021s1970 enk f b 001 0 eng d | ||
| 020 | _a0048900036 | ||
| 040 |
_aDLC _beng _erda _cDLC _dDLC _dEG-ScBUE |
||
| 041 | 1 |
_aeng _htur |
|
| 082 | 0 | 4 |
_a894.3512 _222 _bFUZ |
| 100 | 0 |
_aFuzuli _d1495?-1556, _eauthor. _910701 |
|
| 245 | 1 | 0 |
_aLeylā and Mejnūn / _cBy Fuzuli ; translated from the Turkish by Sofi Huri ; with a history of the poem, notes, and bibliography by Alessio Bombaci ; translated from the Italian by Elizabeth Davies. |
| 264 | 1 |
_aLondon : _bGeorge Allen and Unwin Ltd, _c1970. |
|
| 300 |
_a350 pages ; _c25 cm |
||
| 336 |
_2rdacontent _atext _btxt |
||
| 337 |
_2rdamedia _aunmediated _bn |
||
| 338 |
_2rdacarrier _avolume _bnc |
||
| 504 | _aIncludes bibliographical references and index. | ||
| 546 | _aText in English ; translated from the original Turkish. | ||
| 650 | 7 |
_aTurkish poetry _xTranslations into English. _910702 _2BUEsh |
|
| 651 | 7 |
_aTurkey _xPoetry. _910703 _2BUEsh |
|
| 653 |
_bGGEN _cMarch2022 |
||
| 655 |
_vReading book _934232 |
||
| 700 | 1 |
_aHuri, Sofi, _etranslator. _910704 |
|
| 700 | 1 |
_aBombaci, Alessio, _d1914- _eauthor of introduction, etc. _910705 |
|
| 942 |
_2ddc _cBB |
||
| 999 |
_c13218 _d13218 |
||